Miejscowości - Powiat Bełchatowski - Statystyki

Ogólne statystyki
  • Ten quiz został rozwiązany 92 razy
  • Średni wynik to 8 z 36
Statystyki odpowiedzi
Miejscowości Populacja % Poprawnych
Bełchatów 56 973
100%
Zelów 7 541
89%
Szczerców 2 998
79%
Kluki 1 069
73%
Kleszczów 1 689
59%
Drużbice 530
55%
Rusiec 1 640
52%
Krześlów 73
24%
Parzno 328
20%
Domiechowice 548
18%
Myszaki 235
17%
Poręby 41
17%
Rogowiec 48
17%
Grobla część wsi Kluki
14%
Ludwików 220
14%
Wola Wiązowa 419
14%
Dąbrowa 109
11%
Helenów 244
11%
Wola Mikorska 210
11%
Bogumiłów 13
6%
Głupice 309
6%
Mauryców 103
6%
Mierzynów 182
6%
Zelówek 227
6%
Cisza 80
5%
Kurów 230
5%
Tosin koło Krześlów
5%
Dubie 173
3%
Podlesie 115
3%
Trakt Puszczanski koło Szczerców
3%
Kolonia Karczmy 60
2%
Kolonia Szczercowska Gmina Szczerców
2%
Pieńki-Augustów Gmina Zelów
2%
Rawicz 198
2%
Zagłówki 94
2%
Depczyk koło Drużbic
0%
Nie znaleziono quizów pasujących do podanych kryteriów
Rozkład punktacji
Procent ludzi z każdym wynikiem
Percentyl według liczby udzielonych odpowiedzi
Twoja historia wyników
Nie rozwiązałeś tego quizu